Odd One Out: Countries of Europe Quiz Stats

 Plays Quiz Updated Jul 11, 2018

Challenge
Share
Tweet
Embed
Score 0/16 Timer 04:00
17 Plays Today
Question Answer Wrong Answers
Which of the following countries does not have a coastline? Czechia
93.9%
Iceland
0.5%
Russia
0.8%
Netherlands
2.2%
Which of the following countries has never won the FIFA World Cup? Poland
93.4%
Italy
1.9%
France
1.4%
Germany
0.7%
Which of the following countries does not have a capital that starts with the letter B? Spain
87.9%
Germany
1.6%
Hungary
3.9%
Switzerland
3.9%
Which of the following countries does not have German as an official language? France
87.4%
Belgium
6%
Luxembourg
1.9%
Liechtenstein
2.1%
Which of the following countries has never hosted the Olympics? Ireland
82.8%
Greece
0.7%
Sweden
3.2%
Belgium
10.7%
Which of the following countries does not use the Euro as its currency? Switzerland
73.6%
Greece
7.4%
France
1.7%
Lithuania
14.6%
Which of the following countries does not have red in its flag? Cyprus
72%
Romania
5.7%
Macedonia
10.3%
Belgium
9.3%
Which of the following countries does not have a capital that ends with a vowel? Croatia
67.6%
Slovenia
7.4%
Bosnia and Herzegovina
10.7%
Kosovo
11.4%
Which of the following countries does not have a population over 50,000,000? Ukraine
65.6%
Italy
27.3%
France
3.1%
Germany
1.5%
Which of the following countries does not have a territorial claim on Antarctica? Netherlands
57.9%
Norway
13.9%
France
17.6%
United Kingdom
7.8%
Which of the following countries does not have horizontal stripes on its flag? Belgium
57.8%
Latvia
13.4%
Luxembourg
14%
Bulgaria
12%
Which of the following countries does not border Russia? Moldova
56.3%
Norway
36.9%
Belarus
3.1%
Ukraine
1%
Which of the following countries does not drive on the left? Monaco
55.1%
Cyprus
13.6%
Ireland
18.6%
Malta
10.1%
Which country is not smaller than 1,000 kmĀ²? Luxembourg
52.5%
Andorra
12.9%
Malta
22.7%
Liechtenstein
9.3%
Which of the following countries does not have vertical stripes on its flag? Slovenia
45.7%
Andorra
23.4%
Moldova
13.2%
Romania
14.8%
Which of the following does not have a population under 50,000? Andorra
27.5%
Monaco
30.6%
Liechtenstein
30.4%
San Marino
8.7%

You're not logged in!

Compare scores with friends on all Sporcle quizzes.
Join for Free
OR
Log In

You Might Also Like...

Show Comments

Extras

Top Quizzes Today


Score Distribution

Your Account Isn't Verified!

In order to create a playlist on Sporcle, you need to verify the email address you used during registration. Go to your Sporcle Settings to finish the process.

Report this User

Report this user for behavior that violates our Community Guidelines.

Details: